[Event "Golden Cleopatra op"]
[Site "Cairo"]
[Date "2016.12.15"]
[Round "3"]
[White "Fadi, Marko"]
[Black "Abo Elkheir, Ahmed"]
[Result "1-0"]
[WhiteElo "2231"]
[BlackElo "2042"]
[PlyCount "37"]
[EventDate "2016.12.13"]
[EventType "swiss"]
[EventRounds "10"]
[EventCountry "EGY"]
[SourceTitle "CBM 176 Extra"]
[Source "ChessBase"]
[SourceDate "2017.03.02"]
[SourceVersion "1"]
[SourceVersionDate "2017.03.02"]
[SourceQuality "1"]

1. e4 d5 2. e5 c5 3. b4 Qc7 4. Nf3 Nc6 5. bxc5 Nxe5 6. d4 Ng6 7. Nc3 Nf6 8. Bd3 Bg4 9. h3 Bxf3 10. Bb5+ Kd8 11. Qxf3 Nh4 12. Qd3 Nxg2+ 13. Kf1 Nf4 14. Qf5 Ne6 15. Nxd5 Qa5 16. Rb1 Qxa2 17. Nxf6 gxf6 18. Rb3 Kc7 19. Bf4+ 1-0

[Event "Cairo Egyptian op"]
[Site "Cairo"]
[Date "2016.04.28"]
[Round "9"]
[White "Ezat, Abdallah"]
[Black "Abo Elkheir, Ahmed"]
[Result "1-0"]
[WhiteElo "2239"]
[BlackElo "2057"]
[PlyCount "107"]
[EventDate "2016.04.22"]
[EventType "swiss"]
[EventRounds "9"]
[EventCountry "EGY"]
[SourceTitle "CBM 172 Extra"]
[Source "ChessBase"]
[SourceDate "2016.06.21"]
[SourceVersion "1"]
[SourceVersionDate "2016.06.21"]
[SourceQuality "1"]

1. d4 Nf6 2. c4 g6 3. Nc3 Bg7 4. e4 d6 5. Be2 0-0 6. Bg5 h6 7. Be3 c5 8. d5 e6 9. Qd2 exd5 10. cxd5 Kh7 11. h3 Re8 12. Bd3 b5 13. f3 b4 14. Nd1 Nbd7 15. Ne2 Ne5 16. Bb5 Bd7 17. Bxd7 Qxd7 18. Rc1 Qb5 19. Nf2 Rab8 20. b3 a5 21. 0-0 Nh5 22. f4 Nd7 23. g4 Nhf6 24. Ng3 Nb6 25. Rfe1 a4 26. h4 axb3 27. axb3 Nfxd5 28. exd5 Bc3 29. Qe2 Qxe2 30. Rxe2 Nxd5 31. Nd1 Rxe3 32. Nxe3 Nxe3 33. Rxe3 Bd4 34. Kf2 Re8 35. Nf1 g5 36. hxg5 hxg5 37. Kf3 Bxe3 38. Nxe3 gxf4 39. Kxf4 Re6 40. Rd1 Rh6 41. Kg3 Re6 42. Nf5 Kg8 43. Rxd6 Re1 44. Kf4 Rf1+ 45. Ke4 Rb1 46. Rd3 f6 47. Kd5 Rc1 48. Ke6 c4 49. Rd8+ Kh7 50. Rd7+ Kh8 51. bxc4 Rxc4 52. Kf7 Rc2 53. Kg6 Rc8 54. Nh6 1-0

[Event "Cairo Egyptian op"]
[Site "Cairo"]
[Date "2015.11.17"]
[Round "3"]
[White "Abo Elkheir, Ahmed"]
[Black "Wageih, Kareim"]
[Result "0-1"]
[WhiteElo "2089"]
[BlackElo "2300"]
[PlyCount "56"]
[EventDate "2015.11.15"]
[EventType "swiss"]
[EventRounds "11"]
[EventCountry "EGY"]
[SourceTitle "CBM 170 Extra"]
[Source "ChessBase"]
[SourceDate "2016.02.25"]
[SourceVersion "1"]
[SourceVersionDate "2016.02.25"]
[SourceQuality "1"]

1. e4 c5 2. d4 cxd4 3. c3 dxc3 4. Nxc3 Nc6 5. Nf3 e6 6. Bc4 a6 7. 0-0 Nge7 8. Bg5 d6 9. Qe2 h6 10. Be3 b5 11. Bb3 Ng6 12. Nd4 Nge5 13. Nxc6 Nxc6 14. f4 Na5 15. f5 Nxb3 16. axb3 b4 17. Nb5 Bd7 18. Nd4 e5 19. Ne6 Bb5 20. Qg4 Qe7 21. Nxg7+ Bxg7 22. Qxg7 Kd7 23. f6 Qe6 24. Qg3 Bxf1 25. Rxf1 Qxb3 26. Qf2 Rac8 27. Qe2 Rhg8 28. Qxa6 Qxe3+ 0-1